|
|
|
|
| LEADER |
01076nam a2200325 a 4500 |
| 001 |
000569188 |
| 003 |
CZ BrMZK |
| 005 |
20230921065919.0 |
| 007 |
ta |
| 008 |
010907s2001 xr 000 0 cze d |
| 015 |
|
|
|a cnb001022862
|
| 020 |
|
|
|a 80-241-0647-7
|q (brož.) :
|c Kč 73,00
|
| 035 |
|
|
|a (OCoLC)48708583
|
| 040 |
|
|
|a BOA001
|b cze
|d BOA001
|
| 041 |
1 |
|
|a cze
|h eng
|
| 080 |
|
|
|a 82-312.5
|2 MRF
|
| 100 |
1 |
|
|a Child, Maureen,
|d 1951-
|7 jn20001005636
|4 aut
|
| 245 |
1 |
0 |
|a Příliš svůdná kamarádka /
|c Maureen Childová ; [překlad Hana Pafková]
|
| 260 |
|
|
|a Praha :
|b Harlequin,
|c c2001
|
| 300 |
|
|
|a 160 s. ;
|c 17 cm
|
| 490 |
1 |
|
|a Desire ;
|v 433 (K 07/01)
|
| 490 |
1 |
|
|a Muž přes palubu
|
| 655 |
|
7 |
|a milostné romány
|7 fd132840
|2 czenas
|
| 700 |
1 |
|
|a Kušiaková Pafková, Hana,
|d 1970-
|7 xx0042570
|4 trl
|
| 765 |
0 |
|
|t Last Santini virgin
|9 Česky
|
| 830 |
|
0 |
|a Desire (Harlequin)
|0 s
|
| 830 |
|
0 |
|a Muž přes palubu
|
| 910 |
|
|
|a BOA001
|b 1-1095.284
|
| 990 |
|
|
|a BK
|
| 996 |
6 |
|
|b 2610151285
|c 1-1095.284
|l MZK
|r Sklad / do 1 hodiny
|n 4
|p p.v.
|w 000569188
|u 000010
|a 1
|e BOA001
|j MZK50
|s P
|